Predaj a kúpa podniku fyzickou osobou

V rámci tzv. podnikových kombinácií, zapracovaných do zákona č. 595/2003 Z. z. o dani z príjmov v z. n. p. s účinnosťou od 1. 1. 2010 sa upravil aj postup pri stanovení základu dane pri predaji podniku alebo jeho časti. Časť z týchto úprav sa týkala aj úpravy dane pri predaji alebo kúpe podniku špe...

ver descrição completa

Na minha lista:
Detalhes bibliográficos
Autor principal: Brnová, Miroslava
Formato: Capítulo de Livro
Idioma:eslovaco
Assuntos:
Tags: Adicionar Tag
Sem tags, seja o primeiro a adicionar uma tag!

MARC

LEADER 00000naa a2200000 4500
001 0172023
005 20231208085520.1
041 0 |a slo 
044 |a SK 
245 1 0 |a Predaj a kúpa podniku fyzickou osobou  |c Miroslava Brnová 
520 |a V rámci tzv. podnikových kombinácií, zapracovaných do zákona č. 595/2003 Z. z. o dani z príjmov v z. n. p. s účinnosťou od 1. 1. 2010 sa upravil aj postup pri stanovení základu dane pri predaji podniku alebo jeho časti. Časť z týchto úprav sa týkala aj úpravy dane pri predaji alebo kúpe podniku špecificky u daňovníka účtujúceho v sústave jednoduchého účtovníctva alebo daňovníka, ktorý vedie daňovú evidenciu alebo evidenciu výdavkov percentom z príjmov (tzv. „paušálnych výdavkov“). 
610 2 0 |a dane z príjmov 
610 2 0 |a osoby fyzické 
610 2 0 |a predaj 
610 2 0 |a kúpa 
610 2 0 |a podnik 
100 1 |a Brnová, Miroslava